Statistiques concernant Trouver le club rejoint par ce joueur (Mercato 2017)

Cliquez ici pour prendre le quiz!

Statistiques générales

  • Ce quiz a été pris 501 fois
  • Le résultat moyen est 12 sur 15

Statistiques - réponses

JoueurClub% Correct
Ousmane DembéléFC Barcelone
98%
Kylian MbappéParis Saint-Germain
98%
Neymar JrParis Saint-Germain
98%
Daniel AlvesParis Saint-Germain
97%
Valère GermainOlympique de Marseille
96%
Steve MandandaOlympique de Marseille
94%
Serge AurierTottenham Hotspur
88%
Leonardo BonucciAC Milan
84%
PaulinhoFC Barcelone
79%
James RodriguezBayern Munich
76%
Youri TielemansAS Monaco
74%
Wayne RooneyEverton FC
73%
Mamadou SakhoCrystal Palace FC
65%
Wesley SneijderOGC Nice
61%
Thiago MaiaLille OSC
51%

Distribution des résultats

Percentile par nombre de réponses

% des personnes avec chaque résultat

Votre développement - résultats

Vous n’avez pas pris ce quiz